000
00277nam a2200121Ia 4500
008
190216s9999||||xx |||||||||||||| ||und||
100
_a
Mohammed Azam
245
0
_a
Unix In Easy Steps
260
_b
Wiley Eastern Ltd
_c
1993
300
_a
235 p
650
_a
Computer
942
_c
BK
999
_c
8386
_d
8386